LAS ESTACIONES DEL CUERPO: COMO OBSERVARSE Y MANTENERSE EN FORMA TRAVES DE LA ANTIGIMNASIA/

INCLUYE BIBLIOGRAFIA

Kaydedildi:
Detaylı Bibliyografya
Yazar: Bertherat, Therese (autor)
Materyal Türü: Kitap
Konular:
Etiketler: Etiketle
Etiket eklenmemiş, İlk siz ekleyin!

MARC

LEADER 00000nam^a2200000^a^4500
001 000224292
005 20250521000000.0
009 20260310104044.791
020 |a 968-853-159-6 
035 |a 043080 
037 |a Acervo Xavier Clavigero 
082 |a 613. 79  |b BER 
100 |a Bertherat, Therese  |e (autor) 
245 1 4 |a LAS ESTACIONES DEL CUERPO:  |b COMO OBSERVARSE Y MANTENERSE EN FORMA TRAVES DE LA ANTIGIMNASIA/  |c THERESE BERTHERAT 
264 |a MEXICO :  |b PAIDOS,  |c 1990 
300 |a 149p. 
336 |a texto  |b txt  |2 rdacontenido 
337 |a sin mediación  |b n  |2 rdamedio 
338 |a volumen  |b nc  |2 rdasoporte 
520 |a INCLUYE BIBLIOGRAFIA 
649 |a XX 
650 |a Relajación 
650 |a Relajantes Musculares 
650
910 |a Fondo General 
920 |a Impresos - Libros 
930 |a Colección General 
905 |a 101 
901 |a 043080  |b IT1  |c ACC  |i 043080  |u 20250521 
902 |a https://opac.biblio.iteso.mx/vufind/Record/000224292